000 01341nam a22003737a 4500
003 CHAP
005 20220329133957.0
008 971013s1986 r 00010 d
010 _a13516
011 _a14488
035 _a18562
040 _cCHAP
090 _aTesis
100 0 0 _aCastellanos Sánchez, Alejandro.
_920022
245 _aEfecto del tamaño del bulbo, densidad de siembra y dosis de nitrógeno en el rendimiento y calidad de semilla de cebolla (Allium cepa L.)
260 _aChapingo, Méx. :
_bEl autor,
_c1986
300 _a126 h.
_b: gráfs.
502 _aTesis (M.C. Esp. en Genética) -- CP. Centro de Genética
590 _aALEPH
_b10
_c20130110
_lUCH01
_h1233
590 _aBATCH-UPD
_b10
_c20130110
_lUCH01
_h0227
590 _aBATCH-UPD
_b10
_c20130110
_lUCH01
_h1544
590 _aBATCH-UPD
_b10
_c20130409
_lUCH01
_h2249
590 _aBATCH-UPD
_b10
_c20130410
_lUCH01
_h1456
590 _aBATCH-UPD
_b10
_c20130914
_lUCH01
_h0905
590 _aCONVERSION
_b10
_c20130109
_lUCH01
_h1309
650 1 4 _aCebolla
_xEspaciamiento.
_920768
650 1 4 _aCebolla
_xRendimiento.
_920801
650 1 4 _aCebolla
_xSemilla.
_920803
650 1 4 _aNitrógeno
_xEfecto en cebolla.
_981420
901 _aBK
942 _cFOLL
949 _bBC
_cTES
_d-43275
_eTS1
_h17826
_i18562
_si
949 _bBC
_cTES
_d-43276
_eTS2
_fc.2
_h17827
_i18562
_si
999 _c13516
_d13516